SYSTEMATIC THEORY ON COSTING AND FINANCIAL MANAGEMENT (Record no. 5624)

MARC details
000 -LEADER
fixed length control field 00383nam a22001457a 4500
005 - DATE AND TIME OF LATEST TRANSACTION
control field 20171025095519.0
008 - FIXED-LENGTH DATA ELEMENTS--GENERAL INFORMATION
fixed length control field 171025b xxu||||| |||| 00| 0 eng d
041 ## - LANGUAGE CODE
Language code of text/sound track or separate title eng
082 ## - DEWEY DECIMAL CLASSIFICATION NUMBER
Classification number 658.15
100 ## - MAIN ENTRY--AUTHOR NAME
Personal name KALRA, CA. ASHISH
245 ## - TITLE STATEMENT
Title SYSTEMATIC THEORY ON COSTING AND FINANCIAL MANAGEMENT
Statement of responsibility, etc CA. ASHISH KALRA
260 ## - PUBLICATION, DISTRIBUTION, ETC. (IMPRINT)
Place of publication NEW DELHI
Name of publisher IGP
300 ## - PHYSICAL DESCRIPTION
Number of Pages 70p, iv.
942 ## - ADDED ENTRY ELEMENTS (KOHA)
Koha item type Books
Holdings
Lost status Damaged status Collection code Home library Current library Shelving location Date acquired Source of acquisition Cost, normal purchase price Full call number Accession Number Koha item type
    MANAGEMENT JRU Library JRU Library SHELF-75-K 25/10/2017 DONATION 140.00 658.15 22144 Books